Normal view
MARC view
- Hábitat (Ecología)
Entry Materia
001 - NÚMERO DE CONTROL DEL REGISTRO
- campo de control: 5266
003 - IDENTIFICADOR DE NUMERO DE CONTROL
- campo de control: MX-MxUPN
005 - FECHA Y HORA DE LA ÚLTIMA TRANSACCIÓN
- campo de control: 20240314131453.0
008 - DATOS DE LONGITUD FIJA
- campo de control de longitud fija: 240314nn fnnnnbabb n ana |d
035 ## - NÚMERO DE CONTROL DEL SISTEMA
- Número de control del sistema: UPN10000005266
040 ## - FUENTE DE LA CATALOGACIÓN
- Lengua de catalogación: spa
- Centro catalogador de origen: MX-MxUPN
150 ## - ENCABEZAMIENTO - TEMÁTICO
- Término de materia o nombre geográfico como elemento inicial: Hábitat (Ecología)
- Subdivisión de forma: Literatura infantil
670 ## - FUENTE EN LA QUE SE LOCALIZARON DATOS
- Cita de la fuente: Autoridades BGTQ, 14 marzo 2024 :
- Información localizada: (Hábitat (Ecología) -- Literatura infantil)
902 ## - CATALOGADOR
- Catalogador: BDV/301006
- Catalogador: VíctorGodínez/140324
